|
|
|
|
| LEADER |
01174cam a2200337Ia 4500 |
| 001 |
9780203491041 |
| 003 |
FlBoTFG |
| 005 |
20110119191320.0 |
| 006 |
a|||||s||||||||||| |
| 007 |
cr|||| |
| 008 |
110119s2005 nyu sb 001 0 eng d |
| 020 |
|
|
|a 9780203491041 (e-book : PDF)
|
| 040 |
|
|
|a FlBoTFG
|c FlBoTFG
|d GrThAP
|
| 090 |
|
|
|a ML169
|b .G53 2005
|
| 092 |
|
|
|a 781.0920
|b G451
|
| 100 |
1 |
|
|a Gibson, Sophie.
|
| 245 |
1 |
0 |
|a Aristoxenus of Tarentum and the birth of musicology
|h [electronic resource] /
|c Sophie Gibson.
|
| 260 |
|
|
|a New York :
|b Routledge,
|c 2005.
|
| 300 |
|
|
|a ix, 264 p.
|
| 490 |
1 |
|
|a Studies in classics ;
|v v. 9
|
| 504 |
|
|
|a Includes bibliographical references (p. 173-248) and indexes.
|
| 530 |
|
|
|a Also available in print edition.
|
| 538 |
|
|
|a Mode of access: World Wide Web.
|
| 600 |
0 |
0 |
|a Aristoxenus.
|
| 650 |
|
0 |
|a Music, Greek and Roman
|x History and criticism.
|
| 650 |
|
0 |
|a Music theory
|x History
|y To 500.
|
| 655 |
|
7 |
|a Electronic books.
|2 lcsh
|
| 776 |
1 |
|
|z 9780415970617
|
| 776 |
1 |
|
|z 041597061X
|
| 830 |
|
0 |
|a Studies in classics (Routledge (Firm)) ;
|v v. 9.
|
| 856 |
4 |
0 |
|u http://www.tandfebooks.com/isbn/9780203491041
|z Full Text via HEAL-Link
|